000 00580nam a2200193 a 4500
005 20230419063652.0
008 991125s1985 es 000 0 spa u
035 _aUPN01000023749
049 _aCG
050 4 _aLB1177
_bN6.48 1985
100 1 _aNovember, Janet
245 1 0 _aExperiencias de juego con preescolares /
_cJanet November ; tr. Juana Ma. Sancho.
250 _a2a ed.
260 _aMadrid,
_bMorata,
_c1985.
300 _a158 p.
440 0 _aPedagogía.
_pLa educación por el juego
650 2 _aJuego -
_xEstudio y enseñanza (preescolar)
_92995
905 _aLibro
999 _c23749
_d23749